| 000 | 00616nam a2200157Ia 4500 | ||
|---|---|---|---|
| 008 | 250506s9999 xx 000 0 und d | ||
| 024 | _a18B-109-SE, 18B-091-SE, 18B-129-SE, 18B-096-SE & 18B-003-SE | ||
| 082 | _a005.072 ISM | ||
| 100 | _aMahnoor Ismail, Mahnoor Nadeem, Mansoor Ahmed, Maryam Shahid & Sidra Meraj | ||
| 110 | _aAsst. Prof. Dr. Sharaf Hussain | ||
| 245 | 0 | _aVid To Pick | |
| 260 |
_aKarachi: _bUIT, _c2018 |
||
| 600 | _aSoftware Engineering | ||
| 650 | _aBachelor of Engineering (BE) | ||
| 856 |
_uhttps://drive.google.com/file/d/1j8b_ztUZ8LmyIEheVUm1Tge1sipYIfB-/view?usp=sharing _yClick here for PDF |
||
| 999 |
_c29079 _d29079 |
||